logo

Bir Sreshtho Munshi Abdur Rouf Library
Jhenaidah Cadet College

Modern Prose Form and style / (Record no. 9095)

MARC details
000 -LEADER
fixed length control field 00959nam a2200337 4500
001 - CONTROL NUMBER
JCCL Control Number 9095
003 - CONTROL NUMBER IDENTIFIER
JCCL marc code BD - JhCC
005 - DATE AND TIME OF LATEST TRANSACTION
control field 20180527125931.0
008 - FIXED-LENGTH DATA ELEMENTS--GENERAL INFORMATION
fixed length control field 850618s1986 maua 001 0 eng
020 ## - INTERNATIONAL STANDARD BOOK NUMBER
International Standard Book Number 039535725X (pbk.)
035 ## - SYSTEM CONTROL NUMBER
system control number MITb10249629
-- (BD - JhCC)9095
035 ## - SYSTEM CONTROL NUMBER
system control number (OCoLC)13109235
035 ## - SYSTEM CONTROL NUMBER
system control number GLIS00249629
040 ## - CATALOGING SOURCE
Original cataloging agency DLC
Transcribing agency DLC
Modifying agency MYG
-- BD - JhCC
041 ## - LANGUAGE CODE
Language code of Book eng
050 0# - LIBRARY OF CONGRESS CALL NUMBER
Classification number LB2369
Item number .C3 1986
082 ## - DEWEY DECIMAL CLASSIFICATION NUMBER
Author mark and Year OCO 1986
Classification number 808
099 ## - LOCAL FREE-TEXT CALL NUMBER
Classification number LB2369.C3 1986
100 1# - MAIN ENTRY--PERSONAL NAME
Personal name O'Connor William Van
Dates associated with a name 1902-
245 10 - TITLE STATEMENT
Title Modern Prose Form and style /
Statement of responsibility, etc William Van O'Connor.
250 ## - EDITION STATEMENT
Edition statement 7th ed.
260 ## - PUBLICATION, DISTRIBUTION, ETC. (IMPRINT)
Place of publication, distribution, etc Boston :
Name of publisher, distributor, etc Houghton Mifflin,
Date of publication, distribution, etc c1986.
300 ## - PHYSICAL DESCRIPTION
Pagination xii, 226 p. :
Other physical details ill. ;
Dimensions 29 cm.
500 ## - GENERAL NOTE
General note Includes indexes.
650 #0 - SUBJECT ADDED ENTRY--TOPICAL TERM
Topical term or geographic name as entry element Report writing.
650 #0 - SUBJECT ADDED ENTRY--TOPICAL TERM
Topical term or geographic name as entry element Dissertations, Academic.
650 #0 - SUBJECT ADDED ENTRY--TOPICAL TERM
Topical term or geographic name as entry element Abstracting.
942 ## - ADDED ENTRY ELEMENTS (KOHA)
Source of classification or shelving scheme Dewey Decimal Classification
Koha item type Books
949 ## - LOCAL PROCESSING INFORMATION (OCLC)
a MYGQ
b 39080003360416
Holdings
Source of classification or shelving scheme Damaged status Not for loan Home library Current library Shelving location Total Checkouts Full call number Barcode Date last seen Copy number Koha item type
Dewey Decimal Classification     JCC Rouf Library JCC Rouf Library General Stacks   808 OCO 1986 12115 03/08/2018 C - 1 Books

JCC Library | Contacts | JCC Home

Last Update on 23 September 2017
Copyright @ 2017-2020 JCC Rouf Library
Rouf Library, Jhenidah Cadet College (JCC), Bangladesh